| 000 | 00380nam a2200145Ia 4500 | ||
|---|---|---|---|
| 008 | 230917s9999||||xx |||||||||||||| ||und|| | ||
| 040 |
_e188945 _aMAIN |
||
| 041 | _aEnglish | ||
| 082 | _a352.054 T735I | ||
| 100 | _aTrilok Singh | ||
| 245 | 0 | _aInsights into Panchayati Raj and goverance | |
| 260 |
_aNew Delhi _bCyber Tech Publications _c2012 |
||
| 300 | _a256 p. | ||
| 942 | _cBK | ||
| 999 |
_c158878 _d158878 |
||